000 00458nam a2200169Ia 4500
003 GCL
008 140319s9999 xx 000 0 eng d
040 _aGCL /
_cGCL
082 0 4 _a658.4021
_bH M
100 1 _aHUFF,ANNE SIGISMUND
245 1 0 _aMAPPING STRATEGIC THOUGHT /
_cHUFF,ANNE SIGISMUND
260 _a[S.N] :
_bJOHN WILEY AND SONS. INC ،
_c1990
300 _a426 P
650 0 4 _aMAKING DECISION
650 0 4 _aSTRATEGIC PLANNING
942 _2ddc
_cBK
999 _c18772
_d18772